guess the laufey song no hints #4 - Statistics

General Stats
  • This quiz has been taken 114 times
    42 since last reset
  • The average score is 59 of 117
Answer Stats
Answer % Correct
I
100%
a
97%
you
90%
love
87%
to
83%
and
80%
And
80%
me
80%
be
77%
the
77%
The
77%
we
73%
When
73%
when
73%
for
70%
it
70%
in
67%
So
63%
so
63%
like
60%
no
60%
we're
60%
What
60%
go
57%
on
57%
I'll
53%
it's
53%
I've
53%
there
53%
too
53%
been
50%
at
47%
falling
47%
with
47%
Never
43%
of
43%
or
43%
time
43%
ever
40%
one
40%
overdue
40%
silver
40%
away
37%
being
37%
cruel
37%
hell
37%
lining's
37%
long
37%
propose
37%
bad
33%
called
33%
dirty
33%
getting
33%
jokes
33%
kids
33%
Making
33%
Now
33%
punished
33%
sweet
33%
worst
33%
abyss
30%
calm
30%
collected
30%
darling
30%
fell
30%
habits
30%
into
30%
little
30%
miracle
30%
playground
30%
We've
30%
whim
30%
acting
27%
Drowning
27%
found
27%
kissing
27%
red
27%
wine
27%
cinnamon
23%
met
23%
sin
23%
rosy
20%
sniffing
20%
staring
20%
fields
17%
pirouette
17%
Ooh
13%
Mmm
10%
No matching quizzes found
Score Distribution
Percent of People with Each Score
Percentile by Number Answered
Your Score History
You have not taken this quiz since the last reset